| 000 | 03627cam a22012254i 4500 | ||
|---|---|---|---|
| 003 | PE-LiUPU | ||
| 005 | 20250813185537.0 | ||
| 008 | 150625s1999 sp r 000 0 spa d | ||
| 020 | _a8475776493 | ||
| 020 | _a9788475776491 | ||
| 035 | _a(Sirsi) i9788475776491 | ||
| 040 |
_aPE-LiUPU _bspa _cPE-LiUPU _dPE-LiUPU _erda |
||
| 049 | _aPRUA | ||
| 082 | 0 | 4 |
_a362.83 _bK57 _221 |
| 100 | 1 |
_aKirkwood, Catherine, _eautor. |
|
| 245 | 1 | 0 |
_aCómo separarse de su pareja abusadora : _bdesde las heridas de la supervivencia a la sabiduría para el cambio / _cCatherine Kirkwood ; traduccion Isabel Jezierski. |
| 264 | 1 |
_aBarcelona : _bGranica, _c[1999]. |
|
| 300 |
_a227 páginas ; _c22 centímetros. |
||
| 336 |
_atext _2rdacontent |
||
| 337 |
_aunmediated _2rdamedia |
||
| 338 |
_avolume _2rdacarrier |
||
| 490 | 0 | _aViolencia | |
| 505 | 0 | _aRetrato de una mujer golpeada: enfoques tradicionales para comprender el abuso a la mujer -- Hacia un nuevo abordaje -- La experiencia femenina del abuso emocional -- El abuso emocional y la dinámica del control -- Obstáculos para asegurar la independencia -- El impacto del maltrato y el contexto en el cual las mujeres que lo han sufrido buscan rehabilitarse -- Víctimas y sobrevivientes: conceptos y temas centrales de la acción femenina para el cambio. | |
| 526 | _aP202 | ||
| 526 | _aP201 | ||
| 526 | _aP163 | ||
| 526 | _aP162 | ||
| 526 | _aP161 | ||
| 526 | _aP160 | ||
| 526 | _aP148 | ||
| 526 | _aP147 | ||
| 526 | _aP146 | ||
| 526 | _aP145 | ||
| 526 | _aP144 | ||
| 526 | _aP143 | ||
| 526 | _aP142 | ||
| 526 | _aP141 | ||
| 526 | _aP140 | ||
| 526 | _aP139 | ||
| 526 | _aP138 | ||
| 526 | _aP137 | ||
| 526 | _aP136 | ||
| 526 | _aP135 | ||
| 526 | _aP134 | ||
| 526 | _aP133 | ||
| 526 | _aP129 | ||
| 526 | _aP128 | ||
| 526 | _aP127 | ||
| 526 | _aP120 | ||
| 526 | _aP119 | ||
| 526 | _aP118 | ||
| 526 | _aP116 | ||
| 526 | _aP115 | ||
| 526 | _aP114 | ||
| 526 | _aP110 | ||
| 526 | _aP109 | ||
| 526 | _aP108 | ||
| 526 | _aP104 | ||
| 526 | _aP103 | ||
| 526 | _aP102 | ||
| 526 | _aP99 | ||
| 526 | _aP98 | ||
| 526 | _aP97 | ||
| 526 | _aP96 | ||
| 526 | _aP95 | ||
| 526 | _aP93 | ||
| 526 | _aP90 | ||
| 526 | _aP89 | ||
| 526 | _aP88 | ||
| 526 | _aP83 | ||
| 526 | _aP82 | ||
| 526 | _aP62 | ||
| 526 | _aP59 | ||
| 526 | _aP58 | ||
| 526 | _aP57 | ||
| 526 | _aP51 | ||
| 526 | _aP49 | ||
| 526 | _aP48 | ||
| 526 | _aP47 | ||
| 526 | _aP29 | ||
| 526 | _aP24 | ||
| 526 | _aP20 | ||
| 526 | _aP19 | ||
| 526 | _aP17 | ||
| 526 | _aP15 | ||
| 526 | _aP14 | ||
| 526 | _aP12 | ||
| 526 | _aP10 | ||
| 526 | _aP09 | ||
| 526 | _aP08 | ||
| 526 | _aP07 | ||
| 526 | _aP06 | ||
| 526 | _aP05 | ||
| 526 | _aP04 | ||
| 526 | _aP01 | ||
| 541 | _g021-0000328; | ||
| 650 | 0 | 4 | _aAbuso psicológico. |
| 650 | 0 | 4 |
_aMujeres _xAbusos _vPsicologia. |
| 700 | 1 |
_aJezierski, Isabel, _etraductor. |
|
| 942 |
_2ddc _cBOOK |
||
| 949 |
_aPCF 362.83 K57 _wDEWEY _c1 _i58860 _d2016-1-15 _e2016-1-14 _lCCODEBUL1 _mBUL _n2 _p23.00 _r0 _sY _tBOOK _u2015-6-25 _xSALUD _PP54 _0COMPRA _o.CIRCNOTE. No olvidar cambiar la fecha de devolución!!!!!!! _o.STAFF. Colección Ciencias de la Salud |
||
| 994 |
_aC0 _bPEPRU |
||
| 596 | _a1 | ||
| 999 |
_aPCF 362.83 K57 _wDEWEY _c47702 _i58860 _d47702 _e2016-1-14 _f2021-11-3 _g5 _lCCODEBUL1 _mBUL _n2 _p23.00 _q1 _r0 _sY _tBOOK _u2015-6-25 _xSALUD _zP54 _0COMPRA _o.CIRCNOTE. No olvidar cambiar la fecha de devolución!!!!!!! _o.STAFF. Colección Ciencias de la Salud |
||
| 980 |
_81 _gALBERTO SANCHEZ Responsable de Automatización |
||